Online
Catalog

Listin Diario : (Record no. 59384)

MARC details
000 -CABECERA
campo de control de longitud fija 01689nam a2200337 i 4500
003 - IDENTIFICADOR DEL NÚMERO DE CONTROL
campo de control DO-SdBNP
005 - FECHA Y HORA DE LA ÚLTIMA TRANSACCIÓN
campo de control 20250704101009.0
007 - CAMPO FIJO DE DESCRIPCIÓN FÍSICA--INFORMACIÓN GENERAL
campo de control de longitud fija ta
008 - DATOS DE LONGITUD FIJA--INFORMACIÓN GENERAL
campo de control de longitud fija 250626b2010 dr aco|| |||| 001 0 spa d
040 ## - FUENTE DE LA CATALOGACIÓN
Centro catalogador/agencia de origen DO-SdBNP
Lengua de catalogación spa
Centro/agencia transcriptor BNPHU
Normas de descripción rda
082 ## - NÚMERO DE LA CLASIFICACIÓN DECIMAL DEWEY
Número de clasificación 070.4
Número de documento/Ítem L773
Número de edición 22
110 1# - ENTRADA PRINCIPAL--NOMBRE DE ENTIDAD CORPORATIVA
Nombre de entidad corporativa o nombre de jurisdicción como elemento de entrada Listín Diario (República Dominicana)
9 (RLIN) 53034
245 10 - MENCIÓN DE TÍTULO
Título Listin Diario :
Resto del título la herencia del pasado, el respeto del presente y la conquista del futuro : 120 años /
Mención de responsabilidad, etc. autores, Nereida Lahit Bignott, María Isabel Soldevila Brea, Yaniris López
264 ## - PRODUCCIÓN, PUBLICACIÓN, DISTRIBUCIÓN, FABRICACIÓN Y COPYRIGHT
Producción, publicación, distribución, fabricación y copyright Santo Domingo :
Nombre del de productor, editor, distribuidor, fabricante Editora Listín Diario ,
Fecha de producción, publicación, distribución, fabricación o copyright 2010.
300 ## - DESCRIPCIÓN FÍSICA
Extensión 297 páginas ;
Otras características físicas ilustraciones, retratos, fotografías
Dimensiones 32 cm.
336 ## - TIPO DE CONTENIDO
Término de tipo de contenido texto
Código de tipo de contenido txt
Fuente rdacontent
337 ## - TIPO DE MEDIO
Nombre/término del tipo de medio sin mediación
Código del tipo de medio n
Fuente rdamedia
338 ## - TIPO DE SOPORTE
Nombre/término del tipo de soporte volumen
Código del tipo de soporte nc
Fuente rdacarrier
500 ## - NOTA GENERAL
Nota general Incluye índice onomástico.
504 ## - NOTA DE BIBLIOGRAFÍA, ETC.
Nota de bibliografía, etc. Bibliografía p: 296-297
505 ## - NOTA DE CONTENIDO CON FORMATO
Título Mensaje del señor Ramón Báez Román, presidente del Listín Diario --
-- Carta del señor Miguel Franjul, director del Listín Diario --
-- Nuestra historia --
-- Nuestros colaboradores históricos --
-- 120 años en imágenes --
-- La República --
-- El deporte --
-- La vida y las sociales --
-- Economía y negocios --
-- Entretenimiento --
-- Sobre los autores /
590 ## - NOTA LOCAL (RLIN)
Nota local Inventariado, 2025/ YL
650 #7 - PUNTO DE ACCESO ADICIONAL DE MATERIA--TÉRMINO DE MATERIA
Término de materia o nombre geográfico como elemento de entrada Alimentación
Subdivisión geográfica Aspectos sociales y económicos
9 (RLIN) 88192
650 #7 - PUNTO DE ACCESO ADICIONAL DE MATERIA--TÉRMINO DE MATERIA
Término de materia o nombre geográfico como elemento de entrada Alimentación
Subdivisión general Higiene y salud
9 (RLIN) 88193
650 #7 - PUNTO DE ACCESO ADICIONAL DE MATERIA--TÉRMINO DE MATERIA
Término de materia o nombre geográfico como elemento de entrada Alimentos
Subdivisión general Conservación
9 (RLIN) 88194
700 1# - PUNTO DE ACCESO ADICIONAL--NOMBRE DE PERSONA
Nombre de persona Lahit Bignott, Nereida
Término indicativo de función/relación autor,
Código de función/relación aut.
9 (RLIN) 62121
700 1# - PUNTO DE ACCESO ADICIONAL--NOMBRE DE PERSONA
Nombre de persona Soldevila Brea, María Isabel
Término indicativo de función/relación autor
Código de función/relación aut.
9 (RLIN) 88198
700 1# - PUNTO DE ACCESO ADICIONAL--NOMBRE DE PERSONA
Nombre de persona López, Yaniris
Término indicativo de función/relación autor
Código de función/relación aut.
9 (RLIN) 88199
910 ## - DATOS DE OPCIÓN DEL USUARIO (OCLC)
Datos de opción del usuario YLockward
942 ## - ELEMENTOS DE PUNTO DE ACCESO ADICIONAL (KOHA)
Fuente del sistema de clasificación o colocación Dewey Decimal Classification
Tipo de ítem Koha Libro
Holdings
Estado de retiro Estado de pérdida Fuente del sistema de clasificación o colocación Restricciones de uso No para préstamo Código de colección Localización permanente Ubicación/localización actual Ubicación en estantería Fecha de adquisición Fuente de adquisición Total de préstamos Signatura topográfica completa Código de barras Fecha visto por última vez Precio válido a partir de Tipo de ítem Koha Número de copia
    Dewey Decimal Classification Excluido de préstamo   Patrimonio Dominicano Biblioteca Nacional Pedro Henríquez Ureña Biblioteca Nacional Pedro Henríquez Ureña En catalogación 05.02.2024 Donación   BNPHU PD 070.4 L773 2025-5770 26.06.2025 26.06.2025 Libro  
    Dewey Decimal Classification Excluido de préstamo   Patrimonio Dominicano Biblioteca Nacional Pedro Henríquez Ureña Biblioteca Nacional Pedro Henríquez Ureña En catalogación 22.11.2023 Donado por Mónica Despradel   BNPHU PD 070.4 L773 2025-6189 04.07.2025 04.07.2025 Libro e. 2
    Dewey Decimal Classification Préstamo en sala   Dominicana de Servicio Biblioteca Nacional Pedro Henríquez Ureña Biblioteca Nacional Pedro Henríquez Ureña En catalogación 19.01.2022 Donado por el Colegio Dominico Español   BNPHU PD 070.4 L773 2025-6190 04.07.2025 04.07.2025 Libro e. 3

Powered by Koha